| 000 | 01192cam a2200337 a 4500 | ||
|---|---|---|---|
| 999 |
_c17545 _d17545 |
||
| 001 | 2434337 | ||
| 003 | BDDh-ASL | ||
| 005 | 20231015025555.0 | ||
| 008 | 17 s1987 bg abf b 001 0 ben | | ||
| 010 | _a 87903961 | ||
| 020 | _cTk200.00 | ||
| 025 | _aB E 4907 | ||
| 035 | _a(DLC) 87903961 | ||
| 040 |
_aDLC _cBDDh-ASL _dBDDh-ASL |
||
| 043 |
_aa-ii--- _aa-bg--- |
||
| 050 | 0 | 0 |
_aDS485.B49 _bK48 1987 |
| 082 | 0 | 0 |
_a320.5402 _bKHP |
| 100 | 1 |
_aKhan, Bazlur Rahman. _9240 |
|
| 245 | 1 | 0 |
_aPolitics in Bengal, 1927-1936 / _cBazlur Rahman Khan. |
| 260 |
_aDhaka : _bAsiatic Society of Bangladesh, _c1987. |
||
| 300 |
_axvi, 250, ii p., [7] leaves of plates (some folded) : _bill., maps ; _c25 cm. |
||
| 440 |
_aAsiatic Society of Bangladesh publication; _vno. 52 _9241 |
||
| 500 | _aRevision of the author's thesis (Ph. D.--University of London) | ||
| 500 | _aIncludes index. | ||
| 504 | _aBibliography: p. 213-239. | ||
| 504 | _aIncludes bibliographical references and index | ||
| 651 | 0 |
_aBengal (India) _xPolitics and government. _9235 |
|
| 906 |
_a7 _bcbc _corignew _d3 _encip _f19 _gy-gencatlg |
||
| 942 |
_2ddc _cBK |
||